Cell biology: translational impact in cancer biology and bioinformatics (Record no. 36929)

MARC details
000 -LEADER
fixed length control field 01314nam a2200277 a 4500
001 - CONTROL NUMBER
control field 18748678
008 - FIXED-LENGTH DATA ELEMENTS--GENERAL INFORMATION
fixed length control field 190520s2016 ||||||||||||||||| || u
010 ## - LIBRARY OF CONGRESS CONTROL NUMBER
LC control number 2015949597
020 ## - INTERNATIONAL STANDARD BOOK NUMBER
International Standard Book Number 9780128018538
020 ## - INTERNATIONAL STANDARD BOOK NUMBER
International Standard Book Number 0128018534
050 ## - LIBRARY OF CONGRESS CALL NUMBER
Classification number QH 581.2 Mit
100 ## - MAIN ENTRY--PERSONAL NAME
Personal name Mitchell, Maika G
245 10 - TITLE STATEMENT
Title Cell biology: translational impact in cancer biology and bioinformatics
Statement of responsibility, etc. Maika G. Mitchell.
260 ## - PUBLICATION, DISTRIBUTION, ETC.
Place of publication, distribution, etc. Amsterdam ; New York
Name of publisher, distributor, etc. Elsevier Academic Press
Date of publication, distribution, etc. 2016
300 ## - PHYSICAL DESCRIPTION
Extent xii, 337 pages : illustrations
336 ## - CONTENT TYPE
Content type term text
Source rdacontent
337 ## - MEDIA TYPE
Media type term unmediated
Source rdamedia
338 ## - CARRIER TYPE
Carrier type term volume
Source rdacarrier
350 ## - PRICE (NR) (BK AM CF MU VM SE) [OBSOLETE]
Price 96.90
500 ## - GENERAL NOTE
General note Includes bibliographical references and index.
505 ## - FORMATTED CONTENTS NOTE
Formatted contents note Clinical utility/relevance of cell biology techniques -- Applications of 3D printing in cell biology -- Transforming bench work cell biology with cancer informatics : from silos to systems -- Overview of the cancer informatics landscape -- Current trends for global coalition of all STEM stakeholders via cancer informatics -- Conclusion and discussion.
650 #2 - SUBJECT ADDED ENTRY--TOPICAL TERM
Topical term or geographic name entry element CELL BIOLOGY
650 #2 - SUBJECT ADDED ENTRY--TOPICAL TERM
Topical term or geographic name entry element NEOPLASMS
650 #0 - SUBJECT ADDED ENTRY--TOPICAL TERM
Topical term or geographic name entry element BIOINFORMATICS
995 ## - RECOMMENDATION 995 [LOCAL, UNIMARC FRANCE]
-- CBU-MAIN LIBRARY (Kitwe)
-- 96.90
-- 1
-- AVAILABLE
-- May 20, 2019
-- Main Library Open Access Collection
Holdings
Withdrawn status Lost status Source of classification or shelving scheme Damaged status Not for loan Home library Current library Shelving location Date acquired Total Checkouts Full call number Barcode Date last seen Price effective from Koha item type
          CBU-MAIN LIBRARY, KITWE. CBU-MAIN LIBRARY, KITWE.   11/30/2022   QH 581.2 Mit 749096 11/30/2022 11/30/2022 MONOGRAPH